| 000 | 00548nam a2200229Ia 4500 | ||
|---|---|---|---|
| 003 | OSt | ||
| 005 | 20221005121519.0 | ||
| 006 | a|||||r|||| 00| 0 | ||
| 007 | ta | ||
| 008 | 221004b |||||||| |||| 00| 0 eng d | ||
| 024 | _a52460 | ||
| 037 | _cTextual | ||
| 040 |
_aCRL _cCRL _beng |
||
| 041 |
_2eng _aeng |
||
| 082 | _aQ6;330Q2, H9 | ||
| 100 | _aAkhilananda | ||
| 245 | 0 | _aHindu view of Christ etc. | |
| 260 | _c1949 | ||
| 650 | _aRELIGION | ||
| 942 |
_hQ6;330Q2, H9 _cTEXL _2cc |
||
| 999 |
_c1041345 _d1041345 |
||